Immunology & Microbiology/ (Record no. 210134)

MARC details
000 -LEADER
fixed length control field 00620nam a22002057a 4500
005 - DATE AND TIME OF LATEST TRANSACTION
control field 20250306155508.0
010 ## - LCCN (DPL NO)
LC control number ENG-143975
020 ## - INTERNATIONAL STANDARD BOOK NUMBER
Terms of availability 250.00
International Standard Book Number 9789382459057
035 ## - SYSTEM CONTROL NUMBER
System control number EN-127507
037 ## - SOURCE OF ACQUISITION
Source of stock number/acquisition DBAD
082 ## - DEWEY DECIMAL CLASSIFICATION NUMBER
Classification number 616.079
100 ## - MAIN ENTRY--PERSONAL NAME
Personal name Arumugam, N.
245 ## - TITLE STATEMENT
Title Immunology & Microbiology/
Statement of responsibility, etc by N. Arumugam...[et.al]
250 ## - EDITION STATEMENT
Edition statement 4
260 ## - PUBLICATION, DISTRIBUTION, ETC. (IMPRINT)
Name of publisher, distributor, etc Saras Publication
Date of publication, distribution, etc 2013
Place of publication, distribution, etc Nagercoil
270 ## - ADDRESS
City Nagercoil
Postal code 629002
Address 114/35G, A. R. P. Camp Road, Periavilai, Kottar P. O.,
300 ## - PHYSICAL DESCRIPTION
Extent 544p.
Dimensions 21cm(pbk)
500 ## - GENERAL NOTE
General note Includes index
942 ## - ADDED ENTRY ELEMENTS (KOHA)
Source of classification or shelving scheme Dewey Decimal Classification
Item type English Books
Call number suffix ARU
Classification part 616.079
Edition 4
Holdings
Withdrawn status Lost status Not for loan Collection code Home library Current library Date acquired Source of acquisition Cost, normal purchase price Full call number Barcode Copy number Cost, replacement price Koha item type
      Non-fiction Bawana Bawana 06/03/2025 Delivery of Books Act Division 250.00 ARU 616.079 EN-127507 1 250.00 English Books

© Delhi Public Library
Hit Counter
free hit counter